| 000 | 00369nam a22001577a 4500 | ||
|---|---|---|---|
| 020 | _a81-204-1694-5 | ||
| 082 |
_a330 _bVAI/I |
||
| 100 | _aVAISH, M.C | ||
| 100 | _aSINGH, SUDAMA | ||
| 245 | _aINTERNATIONAL ECONOMICS | ||
| 250 | _aEIGHT EDITION | ||
| 260 |
_aDELHI _bOXFORD & IBH PUBLISHING CO |
||
| 300 | _a477 | ||
| 650 |
_aECONOMICS REFERENCE _zINDIA |
||
| 942 | _cBK | ||
| 999 |
_c1688 _d1688 |
||